Statistiche per Nazionale italiana di calcio Mondiali 2014

Clicka qui per fare il quiz!

Statistiche generali

  • Questo quiz è stato fatto 1.137 volte
  • Il punteggio medio è 14 su 24

Statistiche sulle risposte

GiocatoreRuolo% Corretto
1BuffonPortiere
100%
3ChielliniDifensore
97%
19BonucciDifensore
96%
9BalotelliAttaccante
87%
15BarzagliDifensore
87%
21PirloCentrocampista
85%
16De RossiCentrocampista
74%
8MarchisioCentrocampista
73%
-PrandelliCommissario Tecnico
70%
17ImmobileAttaccante
68%
12SiriguPortiere
68%
10CassanoAttaccante
64%
22InsigneAttaccante
58%
23VerrattiCentrocampista
53%
2De SciglioDifensore
51%
13PerinPortiere
42%
5Thiago MottaCentrocampista
42%
4DarmianDifensore
36%
7AbateDifensore
33%
6CandrevaCentrocampista
29%
11CerciAttaccante
23%
20PalettaDifensore
22%
18ParoloCentrocampista
21%
14AquilaniCentrocampista
17%

Distribuzione punteggi

Percentile per numero di risposta

Percentuale di utenti per punteggio

I tuoi punteggi nel tempo

Non hai fatto questo quiz